El sastre de dos mundos : Luigi Bazzani y la ópera en América /

I tiakina i:
Ngā taipitopito rārangi puna kōrero
Kaituhi matua: Klein, Alexander (autor)
Ētahi atu kaituhi: Malizia, Uberto (presentación) (presentación), Bazzani, Jaime Luis (prólogo) (prólogo)
Hōputu: Pukapuka
Reo:Pāniora
I whakaputaina: Bogotá, Colombia : Universidad de los Andes, Departamento de Música, 2022, c2022
Ngā marau:
Ngā Tūtohu: Tāpirihia he Tūtohu
Kāore He Tūtohu, Me noho koe te mea tuatahi ki te tūtohu i tēnei pūkete!

MARC

LEADER 00000nam^a2200000^a^4500
001 000578298
005 20250521000000.0
009 20260310132506.246
020 |a 978-958-798-307-4 
020 |a 978-958-798-308-1 
020 |a 978-958-798-306-7 
037 |a Acervo ITESO - Biblioteca 
041 |a ESP 
082 |a 782. 1920980  |b KLE 
100 |a Klein, Alexander  |e (autor) 
245 1 3 |a El sastre de dos mundos :  |b Luigi Bazzani y la ópera en América /  |c A. Klein ; presen. de U. Malizia ; pról. de J.L. Bazzani. 
264 4 |a Bogotá, Colombia :  |b Universidad de los Andes, Departamento de Música,  |c 2022, c2022 
300 |a 2 v. (XLVI, 1124 p.) 
336 |a texto  |b txt  |2 rdacontenido 
337 |a sin mediación  |b n  |2 rdamedio 
338 |a volumen  |b nc  |2 rdasoporte 
521 |a FIL 2023 DIA 
649 |a XX 
650 |a Empresarios Italianos -  |x Biografías 
650 |a Inmigración -  |z América 
650 |a Emigración -  |z Italia 
650 |a Migración -  |z América-Italia 
650 |a Opera -  |z Italia -  |x Historia y Crítica 
650 |a Opera -  |z América -  |x Historia y Crítica -  |x Tema Principal 
650 |a Música para Representación -  |x Historia y Crítica 
650 |a Música en el Teatro -  |x Historia y Crítica 
650 |a Música Italiana -  |x Historia y Crítica 
650 |a Bazzani, Luigi -  |x Tema Principal 
700 |a Malizia, Uberto  |e (presentación) 
700 |a Bazzani, Jaime Luis  |e (prólogo) 
910 |a Fondo General 
920 |a Impresos - Libros 
930 |a Colección General 
905 |a 101 
901 |a 0500403462  |b IT1  |c ACC  |i C184416  |u 20250521 
901 |a 0500403489  |b IT1  |c ACC  |i C184417  |u 20250521 
902 |a https://opac.biblio.iteso.mx/vufind/Record/000578298